| 000 | 00686nam a22002297a 4500 | ||
|---|---|---|---|
| 001 | 00260 | ||
| 003 | DO-SdBNP | ||
| 005 | 20151217085023.0 | ||
| 008 | 151217b 1995 nyu xxu||||| |||| 00| 0 spa d | ||
| 020 | _a0673995674 | ||
| 040 |
_aBPMSU _bspa _cBPMSU |
||
| 092 |
_axxxx _bxxxx |
||
| 100 | 1 | _aGitman, Lawrence J. | |
| 245 | 1 | 0 |
_aFoundations of managerial finance / _cLawrence J Gitman. |
| 250 | _a4ª ed. | ||
| 260 |
_aNew York : _bHarperCollins College Publishers, _c1995. |
||
| 300 |
_axxxvi, 648, [35] p. : _bil. ; _c26 cm. |
||
| 500 | _aRevised edition of: Basic managerial finance. 3rd ed. 1992. | ||
| 910 | _a00260 | ||
| 942 |
_2ddc _cBK |
||
| 956 |
_aLorenza Pérez _b10 |
||
| 999 |
_c9132 _d9132 |
||